000 00195nam a22000857a 4500
008 160716b xxu||||| |||| 00| 0 eng d
100 _92936
_aDahl R
245 _aMatilda
260 _aUSA
_bJonathan
_c1986
999 _c2501
_d2501